Movies Quiz

Random Movies or Actor Quiz

Movies by First Names, the Sequel Quiz Stats

 Plays Quiz not verified by Sporcle

Support Sporcle.
Go Orange.
Score 0/20 Timer 08:00
0 Plays Today
Actors' First Names Movie % Correct
Morgan, TimThe Shawshank Redemption
82.7%
Susan, Geena, Harvey, Brad, MichaelThelma & Louise
68.4%
Christian, Liam, Morgan, Michael, Katie, Ken, CilianBatman Begins
67.3%
Jonah, Michael, Christopher, Emma, Seth, BillSuperbad
60.2%
Frances, William, SteveFargo
59.2%
Clint, MerylThe Bridges of Madison County
51%
Charlie, Tom, Willem, JohnnyPlatoon
51%
Marlon, Gene, Christopher, MargotSuperman
48%
Robert, Sharon, Joe, DonCasino
37.8%
Paul, Robert, RobertThe Sting
35.7%
Actors' First Names Movie % Correct
Al, Hilary, RobinInsomnia
31.6%
Sam, Jeff, Laura, Richard, Samuel, WayneJurassic Park
30.6%
Woody, Michael, Mia, Dianne, Carrie, BarbaraHannah and Her Sisters
30.6%
Tom, Gary, Bill, Ed, KevinApollo 13
28.6%
Jeff, Maggie, Robert, ColinCrazy Heart
28.6%
Ben, Jeremy, Rebecca, Blake, Jon, PeteThe Town
21.4%
Jerry, Renee, Matthew, Kathy, Chris, PatrickBee Movie
12.2%
John, John, Dan, CarrieThe Blue Brothers
11.2%
Robert, Ben, Jack, Brandon, Nick, Tom, MatthewTropic Thunder
11.2%
George, Matt, Amanda, Jeffrey, ChrisSyriana
9.2%

You're not logged in!

Compare scores with friends on all Sporcle quizzes.
OR
Log In

From the Vault

Remove Ads.
Support Sporcle.
Get the best of Sporcle when you Go Orange. This ad-free experience offers more features, more stats, and more fun while also helping to support Sporcle. Thank you for becoming a member.

Show Comments

Extras

Created Mar 7, 2011ReportNominate
Tags:Actor Quiz

Top Quizzes Today


Score Distribution

Your Account Isn't Verified!

In order to create a playlist on Sporcle, you need to verify the email address you used during registration. Go to your Sporcle Settings to finish the process.

Report this User

Report this user for behavior that violates our Community Guidelines.

Details: